|
|
|
|
| LEADER |
01071nam a2200277 a 4500 |
| 001 |
15618368 |
| 008 |
120530s2010 cau b 001 0 eng |
| 010 |
|
|
|a 2009922676
|
| 020 |
|
|
|a 9781412923835 (hardcover)
|
| 020 |
|
|
|a 9781412923842 (pbk.)
|
| 040 |
|
|
|a DLC
|c DLC
|d BD-DhAAL
|
| 042 |
|
|
|a pcc
|
| 050 |
0 |
0 |
|a HD58.7
|b .U5293 2010
|
| 082 |
0 |
0 |
|a 302.3/5
|2 22
|
| 245 |
0 |
0 |
|a Understanding corporate life :
|b the Warwick Organization theory network /
|c Philip Hancock, Andre Spicer.
|
| 260 |
|
|
|a Los Angeles :
|b SAGE Publications,
|c 2010.
|
| 300 |
|
|
|a viii, 212 p. ;
|c 24 cm.
|
| 504 |
|
|
|a Includes bibliographical references (p. [189]-208) and index.
|
| 541 |
|
|
|e 00025298
|
| 650 |
|
0 |
|a Corporate culture.
|
| 650 |
|
0 |
|a Corporations
|x Sociological aspects.
|
| 700 |
1 |
|
|a Hancock, Philip,
|d 1965-
|
| 700 |
1 |
|
|a Spicer, Andre
|
| 852 |
1 |
|
|a Ayesha Abed Library
|c General shelf.
|
| 999 |
|
|
|c 12316
|d 12316
|
| 952 |
|
|
|0 0
|1 0
|2 ddc
|4 0
|6 302_350000000000000_UND
|7 0
|9 20374
|a BRACUL
|b BRACUL
|c GEN
|d 2012-06-04
|e karim International
|g 2762.00
|l 0
|o 302.35 UND
|p 3010025298
|r 2012-06-04
|t 1
|w 2012-06-04
|y BK
|